000 00641nam a2200205 4500
003 OSt
005 20240701024617.0
006 a
008 240701b |||||||| |||| 00| 0 eng d
020 _a9780763768805
040 _aDWCL-HMN lib.
_cOC
082 _aCirc. 174.2982 F755p 2011
100 _aFoster, Illysa R.
245 _aProfessional ethics in midwifery practice /
260 _aSudbury; Mass :
_bJones and Bartlett Pub. ,
_cc2011.
300 _axi,
_b268 p. : chiftly ill. ;
_c23 cm.
504 _aIncludes bibliographical references & index.
650 _a1. Midwives-Professional ethics.
942 _2ddc
_n0
_cBK-CIRC
_kCirc.
999 _c1683
_d1683